| 000 | 00489nam a2200181 a 4500 | ||
|---|---|---|---|
| 005 | 20140310183439.0 | ||
| 008 | 080303s19uu xx 00 eng d | ||
| 020 | _a1841121991 | ||
| 050 |
_aHF 5415.1265 _b .Sh557 2002 |
||
| 100 | _aShipside, Steve | ||
| 245 |
_aE-marketing / _cSteve Shipside. |
||
| 260 |
_aUnited Kingdom : _bCapstone Publishing, _c2002. |
||
| 300 |
_a100 p. : _c18 cm. |
||
| 521 | _aBSBA | ||
| 650 | _aInternet marketing. | ||
| 942 |
_cBK _2lcc _kFOR |
||
| 999 |
_c23024 _d23024 |
||